000 nam a22 7a 4500
999 _c7263
_d7263
008 170801b xxu||||| |||| 00| 0 eng d
100 _93810
_aCompton
245 _aCompton`s pictured encyclopedia (VOL - 2)
260 _aChicago
_bCompton and company
_c1958